000 00443nam a2200157Ia 4500
008 210210b1970 xxu||||| |||| 00| 0 eng d
020 _a13 843235 X
082 _a362.292 WISS
100 _aWISEMAN (Jacqueline P).
245 _aStations of the lost: the treatment of skid row alcoholics.
260 _aNew Jersey.
_bPrentice-Hall, Inc.,
_c1970
300 _axxi,346
650 _aAlcoholism
690 _aSocial Welfare
906 _a041789
999 _c91553
_d91553